000 00304nam a22001337a 4500
008 171027b xxu||||| |||| 00| 0 eng d
020 _a0444015981
041 _aeng
080 _22ND
_a336
100 _a56
101 _aFIN
245 _aINTERNATIONAL FINANCIAL MARKETS
_cGRABBE,J,O
942 _2udc
_cBK
999 _c36230
_d36230